| 000 | 00600nam a2200169 i 4500 | ||
|---|---|---|---|
| 001 | 39870 | ||
| 003 | ES-MaACL | ||
| 007 | t| | ||
| 008 | 030304s1958 sp ||||1| spa d | ||
| 100 | 1 |
_aCanto Téllez, Antonio. _934680 |
|
| 245 | 1 | 3 |
_aEl turismo en la provincia de Madrid / _cAntonio Cantó Téllez ; prólogo y comentarios de las fotografías de Antonio Gullón Walker. |
| 250 | _a2º ed. corr. y aum. | ||
| 260 |
_aMadrid : _b[s.n., _c1958] ( _fEstades Artes Gráf.) |
||
| 300 |
_a501 p., 65 lám. ; _c24 cm. |
||
| 700 | 1 |
_aGullón Walker, Antonio. _960941 |
|
| 852 |
_aES-MaACL _jE-5757 _bR.90057 |
||
| 999 |
_c39870 _d39870 |
||